Guerrero : (Record no. 26706)
[ view plain ]
| 000 -CABECERA | |
|---|---|
| campo de control de longitud fija | 00584nam a2200193 a 4500 |
| 005 - FECHA Y HORA DE LA ÚLTIMA TRANSACCIÓN | |
| campo de control | 20240423063621.0 |
| 008 - ELEMENTOS DE LONGITUD FIJA--INFORMACIÓN GENERAL | |
| campo de control de longitud fija | 991125 mx 000 0 spa u |
| 020 ## - NÚMERO INTERNACIONAL NORMALIZADO PARA LIBROS | |
| Número Internacional Estándar del Libro | 9686382038 |
| 035 ## - NÚMERO DE CONTROL DEL SISTEMA | |
| Número de control de sistema | UPN01000026706 |
| 049 ## - COLECCIÓN | |
| Colección | CG |
| 050 #4 - SIGNATURA TOPOGRÁFICA DE LA BIBLIOTECA DEL CONGRESO | |
| Número de clasificación | F1286 |
| Número de documento/Ítem | I4.3 |
| 100 1# - ASIENTO PRINCIPAL--NOMBRE PERSONAL | |
| Nombre de persona | Illades, Carlos, |
| Fechas asociadas al nombre | 1959- |
| 9 (RLIN) | 28918 |
| 245 10 - MENCIÓN DE TÍTULO | |
| Título | Guerrero : |
| Resto del título | una historia compartida / |
| Mención de responsabilidad, etc. | Carlos Illades, Martha Ortega. |
| 260 ## - PUBLICACIÓN, DISTRIBUCIÓN, ETC. | |
| Lugar de publicación, distribución, etc. | México : |
| Nombre del editor, distribuidor, etc. | Gobierno del Estado de Guerrero : |
| -- | Instituto Mora, |
| 300 ## - DESCRIPCIÓN FÍSICA | |
| Extensión | 224 p. |
| 651 #7 - ASIENTO SECUNDARIO DE MATERIA - NOMBRE GEOGRAFICO | |
| Nombre geográfico | Guerrero |
| Subdivisión general | Historia |
| Fuente del encabezamiento o término | |
| 9 (RLIN) | 18149 |
| 700 1# - ASIENTO SECUNDARIO--NOMBRE DE PERSONAL | |
| Nombre de persona | Ortega, Martha, |
| Término indicativo de función/relación | coaut. |
| 905 ## - TIPO DE MATERIAL | |
| Tipo de material | Libro |
| Estado de retiro | Estado de pérdida | Fuente del sistema de clasificación o colocación | Estado dañado | No para préstamo | Código de colección | Localización permanente | Ubicación/localización actual | Ubicación en estantería | Enumeración/cronología de publicación seriada | Total de préstamos | Clasificación | Código de barras | Fecha visto por última vez | Número de copia | Tipo de ítem Koha |
|---|---|---|---|---|---|---|---|---|---|---|---|---|---|---|---|
| Library of Congress Classification | Colección General | Bib. Gregorio Torres Quintero | Bib. Gregorio Torres Quintero | Planta baja | - | 5 | F1286 I4.3 | 111941 | 31/12/2020 | 1 | Libro |
